00921 2200325 4500001002100000005001500021035002500036007000300061008004100064020002200105040001700127082001800144084001800162100001700180245009700197250002600294260003300320300004700353504003300400650002100433850001200454090002200466090002100488041000800509700000900517700001000526710001700536999002100553990002100574INLIS00000000002807420190813094101 a0010-051700000000784ta170531s2017 yoia fr | ind d a978-602-279-245-1 aYOPDYOGbind042[23]a297.577 a297.577 Ani P0 aAnisah Idrus10aPermata hikmah Rasulullah /cAnisah Idrus; penyunting, Yudi; ilustrator, Ihank, Trias Studio aCetakan pertama, 2017 aYogyakarta :bLaksana,c2017 a236 halaman :bilustrasi berwarna ;c19 cm aBibliografi: halaman 232-233 4aKeluarga (Islam) aYOPDYOG aDEP 297.577 Ani P aCB-D.11 2017-2140 aind0 aYudi0 aIhank2 aTrias Studio aCB-D.11/2017-214 aCB-D.11/2017-214